<?xml version="1.0" encoding="UTF-8"?>
<record
    xmlns:xsi="http://www.w3.org/2001/XMLSchema-instance"
    xsi:schemaLocation="http://www.loc.gov/MARC21/slim http://www.loc.gov/standards/marcxml/schema/MARC21slim.xsd"
    xmlns="http://www.loc.gov/MARC21/slim">

  <leader>01148nam a2200265   4500</leader>
  <controlfield tag="001">174569</controlfield>
  <controlfield tag="003">ES-MaACL</controlfield>
  <controlfield tag="005">20250830111240.0</controlfield>
  <controlfield tag="008">100506s1776    sp p         |||| | spa d</controlfield>
  <datafield tag="080" ind1=" " ind2=" ">
    <subfield code="a">27</subfield>
  </datafield>
  <datafield tag="100" ind1="1" ind2=" ">
    <subfield code="a">Fl&#xF3;rez, Enrique,</subfield>
    <subfield code="d">1702-1773</subfield>
    <subfield code="9">142679</subfield>
  </datafield>
  <datafield tag="240" ind1="1" ind2="0">
    <subfield code="a">Espa&#xF1;a sagrada</subfield>
  </datafield>
  <datafield tag="245" ind1="1" ind2="0">
    <subfield code="a">Espa&#xF1;a sagrada. </subfield>
    <subfield code="n">Tomo XXXI, </subfield>
    <subfield code="p">Las memorias de los varones ilustres Cesaraugustanos, que florecieron en los primeros siglos de la Iglesia, las noticias concernientes &#xE0; las Iglesias muz&#xE1;rabes, literatos y reyes de Zaragoza ... y las obras del c&#xE9;lebre Obispo Tajon, hasta hoy no publicadas / </subfield>
    <subfield code="c">su autor, Manuel Risco ... continuador de las obras del Rmo. P. MAestro Fr. Henrique Florez.</subfield>
  </datafield>
  <datafield tag="260" ind1=" " ind2=" ">
    <subfield code="a">Madrid : </subfield>
    <subfield code="b">en la imprenta de D. Antonio de Sancha, </subfield>
    <subfield code="c">1776.</subfield>
  </datafield>
  <datafield tag="300" ind1=" " ind2=" ">
    <subfield code="a">[28], 552 p. ; </subfield>
    <subfield code="c">20 cm.</subfield>
  </datafield>
  <datafield tag="500" ind1=" " ind2=" ">
    <subfield code="a">Ap&#xE9;ndices, p. 166-552.</subfield>
  </datafield>
  <datafield tag="546" ind1=" " ind2=" ">
    <subfield code="a">Ap&#xE9;ndices en lat&#xED;n.</subfield>
  </datafield>
  <datafield tag="610" ind1="2" ind2="4">
    <subfield code="a">Iglesia Cat&#xF3;lica</subfield>
    <subfield code="9">4639</subfield>
  </datafield>
  <datafield tag="650" ind1="0" ind2="7">
    <subfield code="a">Historia</subfield>
    <subfield code="2">embne</subfield>
    <subfield code="9">179933</subfield>
  </datafield>
  <datafield tag="651" ind1=" " ind2="4">
    <subfield code="a">Espa&#xF1;a</subfield>
    <subfield code="9">8159</subfield>
  </datafield>
  <datafield tag="700" ind1="1" ind2=" ">
    <subfield code="a">Risco, Manuel.</subfield>
    <subfield code="9">97459</subfield>
  </datafield>
  <datafield tag="852" ind1="4" ind2=" ">
    <subfield code="a">Ba    </subfield>
    <subfield code="j">R-1617-69    </subfield>
    <subfield code="x"> C-16767-818</subfield>
  </datafield>
  <datafield tag="999" ind1=" " ind2=" ">
    <subfield code="c">174569</subfield>
    <subfield code="d">174569</subfield>
  </datafield>
  <datafield tag="952" ind1=" " ind2=" ">
    <subfield code="0">0</subfield>
    <subfield code="1">0</subfield>
    <subfield code="4">0</subfield>
    <subfield code="7">0</subfield>
    <subfield code="8">LIBXVIII</subfield>
    <subfield code="a">ATENEOM</subfield>
    <subfield code="b">ATENEOM</subfield>
    <subfield code="c">DEPO</subfield>
    <subfield code="d">2010-05-06</subfield>
    <subfield code="e">COM</subfield>
    <subfield code="l">0</subfield>
    <subfield code="o">R-1647</subfield>
    <subfield code="p">1183255</subfield>
    <subfield code="r">2023-02-23 00:00:00</subfield>
    <subfield code="w">2023-02-23</subfield>
    <subfield code="y">MONANT</subfield>
  </datafield>
</record>
